Chemically induced birth defects / (Record no. 19047)
[ view plain ]
| 000 -LEADER | |
|---|---|
| fixed length control field | 00665cam a2200253 a 4500 |
| 020 ## - INTERNATIONAL STANDARD BOOK NUMBER | |
| ISBN | 0824772474 |
| 020 ## - INTERNATIONAL STANDARD BOOK NUMBER | |
| ISBN | 9780824772475 |
| 040 ## - CATALOGING SOURCE | |
| Transcribing agency | DLC |
| 082 00 - DEWEY DECIMAL CLASSIFICATION NUMBER | |
| Classification number | 618 DEK 1985 C159 Or. |
| 100 1# - MAIN ENTRY--AUTHOR NAME | |
| Personal name | Schardein, James L. |
| 245 10 - TITLE STATEMENT | |
| Title | Chemically induced birth defects / |
| 260 ## - PUBLICATION, DISTRIBUTION, ETC. (IMPRINT) | |
| Place of publication | New York, N.Y. : |
| Name of publisher | M. Dekker, |
| Year of publication | c1985. |
| 300 ## - PHYSICAL DESCRIPTION | |
| Number of Pages | xiv, 879 p. : |
| Other physical details | ill. ; |
| Dimensions | 26 cm. |
| 490 1# - SERIES STATEMENT | |
| Series statement | Drug and chemical toxicology ; |
| 650 #0 - SUBJECT ADDED ENTRY--TOPICAL TERM | |
| Topical Term | Fetus |
| 650 #0 - SUBJECT ADDED ENTRY--TOPICAL TERM | |
| Topical Term | Fetus |
| 650 #0 - SUBJECT ADDED ENTRY--TOPICAL TERM | |
| Topical Term | Abnormalities, Human |
| 650 #0 - SUBJECT ADDED ENTRY--TOPICAL TERM | |
| Topical Term | Drugs |
| 650 #0 - SUBJECT ADDED ENTRY--TOPICAL TERM | |
| Topical Term | Toxicology. |
| 650 #0 - SUBJECT ADDED ENTRY--TOPICAL TERM | |
| Topical Term | Teratogenic agents. |
| 650 #2 - SUBJECT ADDED ENTRY--TOPICAL TERM | |
| Topical Term | Abnormalities, Drug-Induced. |
| 650 #2 - SUBJECT ADDED ENTRY--TOPICAL TERM | |
| Topical Term | Teratogens. |
| 942 ## - ADDED ENTRY ELEMENTS (KOHA) | |
| Koha item type | ADB |
| 952 ## - LOCATION AND ITEM INFORMATION (KOHA) | |
| Withdrawn status [LOCAL, KOHA] | 0 |
| Koha item type | Source of acquisition | Lost status | Permanent Location | Current Location | Date acquired | Full call number |
|---|---|---|---|---|---|---|
| សៀវភៅភាសាអង់គ្លេស | A38369 | Library Block C | Library Block C | 2020-03-03 | 618 DEK 1985 C159 Or. |